MDQL
is popping MORE tags! Check the
thread
!
Quizzes
Events
Quiz Creation
Community
Videos
Private Events
Remove Ads
Sign In
Join for FREE
Feedback
Dark Mode
Quiz Categories
Sports
Geography
Music
Movies
Television
Just For Fun
Miscellaneous
History
Literature
Language
Science
Gaming
Entertainment
Religion
Holiday
For Kids
Quiz Lab
Recent
Popular Today
Quiz Kudos Today
Editor Picks
Curator Picks
Quizzes by...
Day
Popularity
Type
Ratings
Length
Year
Community
Subscriptions
Recent Discussions
Orange Saloon
Badges
Playlists
Quests
Create
Leaderboards
Showdown
Live 5
Trivia Bingo
Activity
Puzzle Library
Sporcle Events
Private Events
Virtual Trivia
Globe League
Become a Host
Pub Owners
SporcleCon
Opinionation
Our Games
Videos
Blog
Mobile Apps
Partnerships
Remove Ads and Go Orange
Feedback
Music
Pop Music
The Beatles
Song
Album
Lyrics
Bands
Singers
Artist
Clip
Rock
Rap
Classical
Billboard
Country Music
Kpop
Taylor Swift
Music
Pop Music
The Beatles
Song
Album
Lyrics
Bands
Singers
Artist
Clip
Rock
Rap
Classical
Billboard
Country Music
Kpop
Taylor Swift
Random Quiz
Search Sporcle
×
Quiz Lab
Quiz Lab
Music
door
Type in answers that appear in a list
Type in answers that appear in a list
Classic
Best Score? Go Orange.
Back at your door lyrics - Maroon 5 Stats
Can you name the Back at your door lyrics - Maroon 5?
By
lilmisshells
8m
249 Questions
39 Plays
39 Plays
39 Plays
Comments
Comments
Give Quiz Kudos
Give Quiz Kudos
-
- Ratings
hide this ad
Replay
Link that replays current quiz
Next Quiz
Link to next quiz in quiz playlist
You Got
0%
They Got
Avg Score
74%
Avg Friend Score
Upgrade to see
Score Distribution
Jump to the score distribution portion of the page
Score
0/249
Timer
08:00
0
Plays Today
Answer
% Correct
[chorus]
100%
a
97.4%
a
97.4%
a
97.4%
a
97.4%
the
94.9%
the
94.9%
the
94.9%
the
94.9%
the
94.9%
you
94.9%
the
94.9%
you
94.9%
the
94.9%
I
94.9%
I
94.9%
I
94.9%
I
94.9%
you
94.9%
you
94.9%
I
94.9%
I
94.9%
the
94.9%
I
94.9%
you
94.9%
I
94.9%
I
94.9%
I
94.9%
you
94.9%
you
94.9%
I
94.9%
I
94.9%
I
94.9%
you
94.9%
to
92.3%
to
92.3%
back
92.3%
at
92.3%
your
92.3%
door
92.3%
do
92.3%
do
92.3%
to
92.3%
back
92.3%
at
92.3%
your
92.3%
door
92.3%
your
92.3%
your
92.3%
to
92.3%
back
92.3%
at
92.3%
your
92.3%
door
92.3%
do
92.3%
do
92.3%
to
92.3%
back
92.3%
at
92.3%
your
92.3%
door
92.3%
your
92.3%
your
92.3%
your
92.3%
an
89.7%
every
89.7%
time
89.7%
every
89.7%
time
89.7%
every
89.7%
time
89.7%
every
89.7%
time
89.7%
every
89.7%
time
89.7%
in
87.2%
in
87.2%
it
87.2%
with
87.2%
it
87.2%
it
87.2%
it
87.2%
it
87.2%
Answer
% Correct
me
87.2%
me
87.2%
it
87.2%
it
87.2%
it
87.2%
me
87.2%
me
87.2%
had
84.6%
on
84.6%
had
84.6%
up
84.6%
up
84.6%
up
84.6%
up
84.6%
up
84.6%
up
84.6%
up
84.6%
on
84.6%
my
82.1%
my
82.1%
my
82.1%
no
82.1%
why
82.1%
this
82.1%
my
82.1%
no
82.1%
why
82.1%
this
82.1%
From
79.5%
all
79.5%
all
79.5%
just
79.5%
right
79.5%
right
79.5%
just
79.5%
change
79.5%
moment
76.9%
everything
76.9%
of
76.9%
and
76.9%
of
76.9%
of
76.9%
through
76.9%
and
76.9%
and
76.9%
through
76.9%
and
76.9%
and
76.9%
lights
74.4%
day
74.4%
need
74.4%
about
74.4%
without
74.4%
wind
74.4%
wind
74.4%
I'm
74.4%
I'm
74.4%
need
74.4%
about
74.4%
without
74.4%
wind
74.4%
wind
74.4%
I'm
74.4%
went
71.8%
changed
71.8%
bed
71.8%
leave
71.8%
live
71.8%
for
71.8%
for
71.8%
you're
71.8%
for
71.8%
live
71.8%
you're
71.8%
off
69.2%
head
69.2%
lingers
69.2%
off
69.2%
there
69.2%
cry
69.2%
too
69.2%
cry
69.2%
same
66.7%
Answer
% Correct
left
66.7%
that
66.7%
still
66.7%
breath
66.7%
that
66.7%
left
66.7%
that
66.7%
still
66.7%
but
66.7%
cannot
66.7%
hang
66.7%
cannot
66.7%
is
66.7%
know
66.7%
what
66.7%
love
66.7%
empty
64.1%
room
64.1%
alone
64.1%
give
64.1%
alone
64.1%
night
64.1%
feels
61.5%
where
61.5%
negligee
61.5%
hangs
61.5%
away
61.5%
instead
61.5%
it's
61.5%
if
61.5%
now
61.5%
mind
61.5%
lie
59%
awake
59%
keep
59%
much
59%
way
59%
giving
59%
will
59%
never
59%
wept
56.4%
meaning
56.4%
see
56.4%
there's
56.4%
say
56.4%
like
53.8%
stain
53.8%
face
53.8%
far
53.8%
oh
53.8%
took
51.3%
apologize
51.3%
reason
51.3%
fight
51.3%
wasting
51.3%
let
51.3%
tears
48.7%
more
48.7%
days
48.7%
afraid
48.7%
granted
48.7%
don't
48.7%
bitter
48.7%
friday
48.7%
friends
48.7%
taste
46.2%
tough
46.2%
living
46.2%
penetrate
43.6%
til
43.6%
acting
43.6%
penetrate
43.6%
evening
43.6%
3
41%
place
38.5%
dampness
35.9%
number
35.9%
cook
33.3%
fix
33.3%
meal
30.8%
home
30.8%
dial
28.2%
eating
28.2%
Quiz Playlist
Details
Report
Send in Message
Add To Playlist
Classic:
Type in answers that appear in a list
Last Updated: Feb 16, 2017
Quiz Scoreboard
CHALLENGE
Sign Up to Join the Scoreboard
Show All
Scores
Hide
Comments
May contain spoilers
Recently Published
Find the 'City' Movie
by crazypaving
Movies
60s
5x2 Blitz: Bands
by SL_Kpop136
Music
30s
Colored Red Africa Blitz
by spor1
Geography
30s
More to Explore
Quiz From the Vault
Featured Blog Post
14 Easter Pick-up Lines to Find Eggs With
hide this ad
You Might Also Like...
Tags
door
maroon
Today's Top Quizzes in Music
Browse Music
hide this ad
Top Contributed Quizzes in Music
1
5X2 Blitz: Bands II
2
Taylor Swift All Songs (2024)
3
5X2 Blitz: The Beatles
4
5X2 Blitz: Billboard
5
Taylor Swift Logic Puzzle
6
Taylor Swift Logic Puzzle II
7
5X2 Blitz: Album
8
5X2 Blitz: Billboard II
9
Music Artist by Three 2010s hits
10
5X2 Blitz: Rock
Explore More
Trending Topics
NBA
Kpop
Marvel
Anime
Disney
Crossword
Harry Potter
Pokémon
WWE
Song
Country
The Office
Soccer
Puzzle
NFL
hide this ad
More By:
lilmisshells
Quiz
Plays
Rating
Category
Featured
Created
champagne problems Lyrics - Taylor Swift
10,904
5.00
Music
Dec 11, 2020
All too well Lyrics by Taylor Swift
10,092
4.16
Music
Jul 26, 2016
Getaway Car Lyrics - Taylor Swift
9,778
4.69
Music
Nov 12, 2017
no body, no crime Lyrics - Taylor Swift (feat. HAIM)
5,750
4.79
Music
Dec 11, 2020
'tis the damn season Lyrics - Taylor Swift
5,498
4.83
Music
Dec 11, 2020
Go to Creator's Profile
Score Distribution
Quiz Creator Spotlight
lilmisshells
Follow
Send a Message
Quizzes Created
-
Created Quiz Play Count
-
More By This Creator
Popular Quizzes Today
1
Find the 'City' Movie
2
5x2 Blitz: Bands
3
Colored Red Africa Blitz
4
Find the US States - No Outlines Minefield
5
The Countries of the World
6
Find the US States
7
9x9 Crossword: Cartoon Network
8
US States
More Music Quizzes
TinyGrid: Bee Gees Singles
Quiz Lab
Trending Quizzes
Colored Red Africa Blitz II
Colored Red Europe Blitz I
Colored Red Africa Blitz III
Colored Red Europe Blitz II
Colored Red Europe Blitz III
Recently Updated
Champions League XIs: Real Madrid
pecheneg
Largest US Cities 1790-2010
pecheneg
Rides in Walt Disney World
pecheneg
Most Oscar Losses (Acting)
pecheneg
Beyoncé Albums
pecheneg
Leaping Animals
pecheneg
Reality TV Shows (A-Z)
bhenderson79
Rickey Henderson's Hall of Fame Teammates
pecheneg
Champions League XIs: Arsenal
pecheneg
Quick Pick: Celebrities in WWE's Hall of Fame
aduchscher
Trending Topics
NBA
Marvel
Kpop
Harry Potter
Crossword
Disney
Anime
Puzzle
Pokémon
WWE
Soccer
The Office
NFL
Country
Song
Your Account Isn't Verified!
In order to create a playlist on Sporcle, you need to verify the email address you used during registration. Go to your
Sporcle Settings
to finish the process.
Report this User
Report this user for behavior that violates our
Community Guidelines
.
Details:
Send Report
Go to the Sporcle.com Mobile Site →
Comments